الإتصالات و المعلوماتية في مصر : (رقم التسجيلة. 96529)

تفاصيل مارك
000 -الفاتح
عناصر البيانات ثابتة الطول 00801nam a22002057a 4500
005 - تاريخ ووقت آخر معاملة
حقل ضبط 20251108173123.0
008 - عناصر البيانات ثابتة الطول
عناصر البيانات ثابتة الطول 250721s2003 eg gr 000 0 ara d
020 ## - الترقيم الدولي المعياري للكتب (ردمك)
الترقيم الدولي المعياري للكتب (ردمك) 977281207x
082 14 - رقم تصنيف ديوي العشري
رقم التصنيف 004.67
رقم المادة ب ل ا
100 1# - مدخل رئيسي – اسم شخصي
الاسم الشخصي بلال، عبد المنعم يوسف
علاقة الشخص بالعمل/ دوره مؤلف.
245 10 - بيان العنوان
العنوان الإتصالات و المعلوماتية في مصر :
بقية العنوان الواقع و المستقبل في عام 2020 /
بيان المسؤولية الباحث الرئيسي عبدالمنعم يوسف بلال.
250 ## - بيان الطبعة
بيان الطبعة الطبعة الاولى.
264 1# - بيانات النشر، التوزيع…إلخ
مكان النشر، التوزيع...إلخ القاهرة :
اسم الناشر، الموزع...إلخ المكتبة الاكاديمية،
تاريخ النشر، التوزيع...إلخ 2003.
300 ## - الوصف المادي
عدد الوحدات المكونة للوعاء 223صفحة.
650 17 - مدخل إضافي بالموضوع - مصطلح موضوعي
مصطلح موضوعي أو اسم جغرافي كعنصر مدخل تكنولوجيا المعلومات
650 17 - مدخل إضافي بالموضوع - مصطلح موضوعي
مصطلح موضوعي أو اسم جغرافي كعنصر مدخل تاريخ مصر
650 17 - مدخل إضافي بالموضوع - مصطلح موضوعي
مصطلح موضوعي أو اسم جغرافي كعنصر مدخل شبكات المعلومات
942 ## - بيانات إضافية (كوها)
نوع التنصيف Dewey Decimal Classification
نوع المادة (كوها) كتب
المقتنيات
حالة السحب حالة الفقدان مصدر التصنيف حالة التلف غير قابل للإعارة المكتبة الرئيسية المكتبة الحالية موقع الرف تاريخ التزويد الرقم المتسلسل Total Checkouts رقم الإستدعاء الباركود تاريخ آخر ظهور تاريخ الفاتورة نوع المادة (كوها)
    Dewey Decimal Classification     المكتبة المركزية المكتبة المركزية الإعارة 28/07/2025 855718   004.67/بلا 855718 28/07/2025 28/07/2025 كتب
Implemented & Customized by: BBB with SCIT (Smart Chains for Information Technology)

Powered by Koha